Kúpa a predaj bytov

Pokračovanie výkladu zákona Národnej Rady SR o vlastníctve bytov a nebytových priestorov. Výklad jednotlivých paragrafov.

Salvato in:
Dettagli Bibliografici
Autore principale: Zányiová, J.
Natura: Capitolo di libro
Lingua:slovacco
Soggetti:
Tags: Aggiungi Tag
Nessun Tag, puoi essere il primo ad aggiungerne!!

MARC

LEADER 00000naa a2200000 4500
001 r015800
005 20221213123633.6
041 0 |a slo 
044 |a SK 
245 1 0 |a Kúpa a predaj bytov  |c J. Zányiová 
520 |a Pokračovanie výkladu zákona Národnej Rady SR o vlastníctve bytov a nebytových priestorov. Výklad jednotlivých paragrafov. 
610 2 0 |a zákony 
610 2 0 |a vlastníctvo 
610 2 0 |a byty 
610 2 0 |a priestory nebytové 
610 2 0 |a 1993 
100 1 |a Zányiová, J.